Offsite construction ready to roll (Record no. 79501)

MARC details
000 -LEADER
fixed length control field 00876cab a22001935a 4500
001 - CONTROL NUMBER
control field L141473
008 - FIXED-LENGTH DATA ELEMENTS--GENERAL INFORMATION
fixed length control field 071127e20071031xxko f 000 0 eng d
035 ## - SYSTEM CONTROL NUMBER
System control number (Sirsi) u141473
041 0# - LANGUAGE CODE
Language code of text/sound track or separate title eng
100 1# - MAIN ENTRY--PERSONAL NAME
Personal name Prior, Grant
245 00 - TITLE STATEMENT
Title Offsite construction ready to roll
260 ## - PUBLICATION, DISTRIBUTION, ETC.
Date of publication, distribution, etc. 2007
490 #0 - SERIES STATEMENT
Series statement Contract Journal
Volume/sequential designation 440(6649) 31 October 2007, 15-17(3)
520 ## - SUMMARY, ETC.
Summary, etc. Looks at the growing popularity of offsite construction techniques and products. While the offsite industry currently accounts for only 3% of the total market, a recent survey has revealed that 85% of building companies are planning to increase their use of the method. Discusses the benefits of offsite construction, which include reduced build time, cost savings, and sustainability issues.
590 ## - LOCAL NOTE (RLIN)
Local note KA
651 #4 - SUBJECT ADDED ENTRY--GEOGRAPHIC NAME
Geographic name United Kingdom
Chronological subdivision
690 ## - LOCAL SUBJECT ADDED ENTRY--TOPICAL TERM (OCLC, RLIN)
Topical term or geographic name as entry element Construction management
9 (RLIN) 6230
942 ## - ADDED ENTRY ELEMENTS (KOHA)
Suppress in OPAC 0
Holdings
Withdrawn status Lost status Source of classification or shelving scheme Damaged status Not for loan Home library Current library Shelving location Date acquired Total Checkouts Full call number Barcode Date last seen Copy number Price effective from Koha item type
    Dewey Decimal Classification     London London Journal article 27/11/2007   L141473 141473-1001 06/08/2019 1 06/08/2019 Journal article